Municípios da Região Metropolitana de Campina Grande (PB) no mapa - Statistics

Estatísticas Gerais
  • Esse quiz foi jogado 62 vezes
  • A pontuação média é 10 de 19
Respostas no mapa
Respostas codificadas por cores de uma escala verde-vermelha no mapa do quiz de acordo com a % correta abaixo.
 
Estatísticas das Respostas
Município % Correto
Campina Grande
90%
Queimadas
79%
Lagoa Seca
69%
Puxinanã
64%
Boa Vista
59%
Fagundes
59%
Boqueirão
56%
Massaranduba
56%
Barra de Santana
49%
Caturité
46%
Alcantil
44%
Umbuzeiro
44%
Aroeiras
41%
Itatuba
38%
Matinhas
38%
Serra Redonda
38%
Gado Bravo
36%
Santa Cecília
36%
Natuba
33%
Nenhum quiz correspondente encontrado
Distribuição das Pontuações
Porcentagem de Pessoas com Cada Pontuação
Percentil de Números Respondidos
Sua Pontuação Histórica
Você não jogou esse quiz